| 000 | 00674nam a2200205 i 4500 | ||
|---|---|---|---|
| 001 | 94379 | ||
| 003 | ES-MaACL | ||
| 005 | 20250829062531.0 | ||
| 007 | t| | ||
| 008 | 050429s1984 sp ||||1| spa d | ||
| 020 | _a84-362-1777-2 | ||
| 100 | 1 |
_aLorente Guarch, José Luis. _974116 |
|
| 245 | 1 | 0 |
_aFísica general / _cpreparado por José Luis Lorente Guarch, Antonio Rueda de Andrés. |
| 260 |
_aMadrid : _bUniversidad a Distancia, _c1984. |
||
| 300 |
_a2 v. ; _c29 cm. |
||
| 700 | 1 |
_aRueda de Andrés, Antonio. _9100521 |
|
| 710 | 2 |
_aUniversidad Nacional de Educación a Distancia (España) _97405 |
|
| 852 |
_aES-MaACL _jL-8652-3 _bR.109162 |
||
| 999 |
_c94379 _d94379 |
||